000 00841nam a2200265Ia 4500
003 OSt
005 20220918171439.0
006 a|||||r|||| 00| 0
007 ta
008 220917b |||||||| |||| 00| 0 eng d
020 _a9781783605378 (pbk)
_cUKP 12.99
024 _a318,571
037 _b50098, 08/03/2017, Segment Book Distributors
_cTextual
040 _aARTS
_cARTS
_beng
041 _2eng
_aeng
082 _aR3xN26:g, Q5
100 _aBidet Jacques
_936581
245 0 _aFaucault with Marx
260 _aLondon
_bZed Books UK
_c2015
300 _axv,272p.
_ccm.
650 _aFOUCAULT, MICHEL; MARX, KARL
_936582
700 _a Corcoran Steven Tr.
_936583
942 _hR3xN26:g, Q5
_cTEXL
_2CC
999 _c139576
_d139576